<?xml version="1.0" encoding="UTF-8"?>
<collection xmlns="http://www.loc.gov/MARC21/slim">
  <record>
    <leader>00000nam  2200000   4500</leader>
    <controlfield tag="001">INLIS000000000020367</controlfield>
    <controlfield tag="005">20250616120056</controlfield>
    <datafield tag="035" ind1="#" ind2="#">
      <subfield code="a">0010-0625000109</subfield>
    </datafield>
    <controlfield tag="007">ta</controlfield>
    <controlfield tag="008">250616################|##########|#|##</controlfield>
    <datafield tag="084" ind1="#" ind2="#">
      <subfield code="a">R 0045 PKN I 2024</subfield>
    </datafield>
    <datafield tag="100" ind1=" " ind2="#">
      <subfield code="a">Agus Setiawan</subfield>
    </datafield>
    <datafield tag="245" ind1="1" ind2="#">
      <subfield code="a">Membanguyn LIterasi Digital SDM Polri Untuk Mendukung Ekonomi Masa Depan /</subfield>
      <subfield code="c">Agus Setiawan</subfield>
    </datafield>
    <datafield tag="250" ind1="#" ind2="#">
      <subfield code="a">1</subfield>
    </datafield>
    <datafield tag="260" ind1="#" ind2="#">
      <subfield code="a">Jakarta :</subfield>
      <subfield code="b">Pusbangkom Pimnas,</subfield>
      <subfield code="c">2024</subfield>
    </datafield>
    <datafield tag="300" ind1="#" ind2="#">
      <subfield code="a">100 :</subfield>
      <subfield code="b">ilus ;</subfield>
      <subfield code="c">29 x 21 x 1</subfield>
    </datafield>
    <datafield tag="650" ind1="#" ind2="4">
      <subfield code="a">SDM</subfield>
    </datafield>
    <datafield tag="520" ind1="#" ind2="#">
      <subfield code="a">Cita-cita untuk mewujudkan Indonesia sebagai negara&#13;
maju tentu membutuhkan beragam prasyarat. Tak hanya&#13;
butuh infrastruktur dan ekonomi yang baik, namun&#13;
masyarakatnya pun harus multiliterat (berpengetahuan&#13;
dalam berbagai bidang). Literasi digital bukan sekedar&#13;
pilihan, melainkan sebuah keharusan. Literasi digital harus&#13;
menjangkau semua, agar masyarakat dapat berpartisipasi&#13;
dalam ekonomi masa depan. Namun faktanya, nilai literasi&#13;
masyarakat kita masih dalam kategori sedang, sehingga&#13;
perlu pembangunan literasi dan budaya membaca di&#13;
Indonesia untuk mendukung ekonomi masa depan sebagai&#13;
modal menuju negara maju dan Indonesia Emas 2045.&#13;
Indonesia memiliki potensi besar dalam hal sumber daya&#13;
manusia. Menurut studi dari grup konsultansi PwC&#13;
(Pricewaterhouse Coopers), Indonesia berpotensi untuk&#13;
menjadi ekonomi dengan PDB terbesar ke-4 di dunia di&#13;
tahun 2050.&#13;
&#13;
Upaya-upaya oleh berbagai pihak perlu dilakukan untuk meningkatkan literasi masyarakat&#13;
Indonesia. Salah satu pihak yang berperan adalah institusi Polri. Pembangunan literasi sumber&#13;
daya manusia (SDM) di Polri memainkan peran penting dalam mendukung ekonomi masa depan&#13;
negara. Peran dalam mendukung ekonomi masa depan dapat di tunjukkan dalam menciptakan&#13;
lingkungan yang aman dan kondusif untuk investasi. Dengan memastikan keamanan, dapat&#13;
membantu menciptakan iklim usaha yang stabil, yang sangat penting untuk pertumbuhan ekonomi.&#13;
Polri juga berperan dengan memastikan adanya kepastian hukum yang berkeadilan. Hal ini dapat&#13;
mendorong percepatan pengambilan keputusan bagi dunia usaha.</subfield>
    </datafield>
    <datafield tag="856" ind1="#" ind2="#">
      <subfield code="a">Perpustakaan Pusat LAN</subfield>
    </datafield>
    <datafield tag="990" ind1="#" ind2="#">
      <subfield code="a">2024/1.2.1/A/0045</subfield>
    </datafield>
  </record>
</collection>
